000 006750000a22002650004500
650 _aComputer science
650 _aInternet
650 _aSoftware
650 _aComputer networks
650 _aDigital library
650 _aAutomated web search
650 _aWorld Wide Web Documents
650 _aHTML
082 _a004.678
_bC734i
518 _a20041011
530 _aM
100 _aComer, Douglas E.
245 _aThe internet book; everything you need to know about computer networking and how the internet works
020 _a81-7808-443-0
260 _aDelhi, India
260 _c2000
300 _axxiii,351p.
041 _aEng
942 _cGEN
999 _c32342
_d32342